American Indian fairy tales /

Bibliographic Details
Main Author: Compton, Margaret, 1852-1903
Other Authors: Bjorklund, Lorence F.
Format: Book
Language:English
Published: New York : Dodd, Mead, [1971]
Subjects:

MARC

Tag First Indicator Second Indicator Subfields
LEADER 00000cam a2200000 4500
001 in00000030501
005 20151007061622.0
008 710305r19711895nyua j 00010 eng
010 |a  75132623  
020 |a 0396062733  |c $3.95 
035 |a (OCoLC)00126437 
035 |9 AAD2597AM 
040 |a DLC  |c DLC  |d TXA  |d UtOrBLW 
043 |a n------ 
049 |a TXAM [Also in] [Sp Coll]  |c 1 [1142183]  |a TXAS  |c 2 [1700851] 
050 0 0 |a E98.F6  |b H3 1971 
082 0 |a 398.2/09701 
100 1 |a Compton, Margaret,  |d 1852-1903. 
240 1 0 |a Snow Bird and the Water Tiger, and other American Indian tales 
245 1 0 |a American Indian fairy tales /  |c by Margaret Compton. With illus. and introd. by Lorence F. Bjorklund. 
264 1 |a New York :  |b Dodd, Mead,  |c [1971] 
264 4 |c [©1971] 
300 |a 159 pages :  |b illustrations ;  |c 24 cm. 
336 |a text  |b txt  |2 rdacontent 
337 |a unmediated  |b n  |2 rdamedia 
338 |a volume  |b nc  |2 rdacarrier 
500 |a First published in 1895 under title: Snow Bird and the Water Tiger, and other American Indian tales. 
505 0 |a The storyteller himself.--Snowbird and the Water Tiger.--The coyote or prairie wolf.--How Mad Buffalo fought the thunder bird.--The red swan.--The bended rocks.--White Hawk, the lazy.--The magic feather.--The star maiden.--The great head.--The fighting hare.--The adventures of Living Statue.--Turtle Dove, Sage Cock, and the witch.--The island of skeletons.--Stone Shirt and the One-Two.--The great wizard.--White Cloud's visit to the Sun Prince. 
650 0 |a Indians of North America  |v Folklore. 
700 1 |a Bjorklund, Lorence F. 
999 |a MARS 
999 f f |s 15c913c1-8011-31e5-9246-f7f58e18bd70  |i 50eea2d0-3617-301b-8949-ecef6bc1c9bc  |t 0 
952 f f |p noncirc  |a Texas A&M University  |b College Station  |c Cushing Memorial Library & Archives  |d Cushing: Kelsey Illustrators (Does not check out)  |t 0  |e E98.F6 H3 1971  |h Library of Congress classification  |i unmediated -- volume  |m A14800311385 
952 f f |p ric  |a Texas A&M University  |b Rellis Campus  |c Joint Library Facility  |d Remote Storage  |t 0  |e E98.F6 H3 1971  |h Library of Congress classification  |i unmediated -- volume  |m A14802136260 
998 f f |a E98.F6 H3 1971  |t 0  |l Cushing: Kelsey Illustrators (Does not check out) 
998 f f |a E98.F6 H3 1971  |t 0  |l Remote Storage